| 000 | 00386nam a22001457a 4500 | ||
|---|---|---|---|
| 020 | _a978-0-07-142294-9 | ||
| 040 | _cSCME | ||
| 082 | _a660 G7811P | ||
| 100 |
_aDon W Green, Robert H. Perry _9127685 |
||
| 245 |
_aPerry's chemical engineers handbook / _cDon W. Green |
||
| 250 | _a8th edition | ||
| 260 |
_aNew York _bMcGraw Hill _c2007 |
||
| 300 | _aPages various | ||
| 942 |
_2ddc _cBK |
||
| 999 |
_c612738 _d612738 |
||